Multicourse textbook for students of diploma in mechanical engineering

Պահպանված է:
Մատենագիտական մանրամասներ
Հիմնական հեղինակ: LUQMAN, Midhat
Ձևաչափ: Գիրք
Լեզու:անգլերեն
Հրապարակվել է: CBS Publishers 2018
Ցուցիչներ: Ավելացրեք ցուցիչ
Չկան պիտակներ, Եղեք առաջինը, ով նշում է այս գրառումը!

MARC

LEADER 00000nam a22000007a 4500
008 211230b ||||| |||| 00| 0 eng d
020 |a 9789386827821 
100 |a LUQMAN, Midhat 
245 |a Multicourse textbook for students of diploma in mechanical engineering   |c Midhat Luqman  |g xi, 507p; ill 
260 |b CBS Publishers  |c 2018  |h New Delhi  |i 696938  |i 696939  |l TJ146.L97  |m Mechanical engineering 
500 |a it includes index 
942 |a lcc  |c BK  |e Johnson  |f 30/12/21 
952 |0 0  |1 0  |2 lcc  |4 0  |7 0  |9 4032  |a TL  |b HOL  |c QZ  |d 2021-12-30  |o TJ146.L97  |p 2021-67756  |r 2021-12-30 00:00:00  |t 696938  |w 2021-12-30  |y BK 
952 |0 0  |1 0  |2 lcc  |4 0  |6 TJ0146 L97  |7 0  |9 4033  |a HOL  |b HOL  |c QZ  |d 2021-12-30  |l 0  |o TJ146.L97  |p 2021-67757  |r 2021-12-30 00:00:00  |t 696939  |w 2021-12-30  |y BK 
999 |c 2026  |d 2026